| 000 | 01045nam0a2200265 i 4500 | ||
|---|---|---|---|
| 001 | RU\NLR\bibl\1910839 | ||
| 005 | 20241105070812.0 | ||
| 010 |
_a9785905173493 _9120 |
||
| 021 |
_aRU _b2012-34268 _92548 |
||
| 035 | _a(NLR Aleph) 001900375 | ||
| 090 |
_a3040184 _c3040184 |
||
| 100 | _a20120605d2012 u y0rusy50 ca | ||
| 101 | 0 | _arus | |
| 102 | _aRU | ||
| 105 | _aa ||||||||| | ||
| 200 | 1 |
_aЖизнь прожить - не поле перейти _e(воспоминания о прожитом, обращенные к моим потомкам) _fС.А. Сумбатов |
|
| 210 |
_aМосква _cЭдитус _d2012 |
||
| 215 |
_a492 с. _cпортр., факс., цв. ил., портр., карт. _d22 |
||
| 607 |
_aСССР _jВоспоминания, записки и т.п. _xИстория _9912491 _3RU\NLR\auth\6613829 |
||
| 686 | _aТ3(2)7,013 | ||
| 700 | 1 |
_aСумбатов _bС. А. _f1919- _gСумбат Абросимович _4070 |
|
| 801 | 0 |
_aRU _bNLR _c20120605 _gRCR |
|
| 801 | 1 |
_aRU _bNLR _c20120605 |
|
| 942 | _cBOOK | ||
| 980 | _aNBR | ||